1304 1410 1423 1075 1516 1385 1348 1442 1387 1667 1626 1884 1455 1976 1827 1139 1651 1645 1153 1035 1162 1870 1434 1184 1196 1634 1673 1267 1691 1625 1734 1648 1314 1458 1013 1135 1916 1688 1318 1170 1723 1337 1323 1524 1848 1531 1915 1966 1472 1696 1919 1662 1838 1184 1221 1670 1159 1341 1611 1497 1015 1040 1207 1158 1431 1165 1686 1184 1177 1678 1723 1343 1355 1365 1550 1424 1890 1495 1471 1776 1508 1251 1769 1716 1804 1345 1742 1408 1373 1062 1634 1489 1952 1620 1639 1325 1336 1339 1012 BCNSPRNW ULIB Ver.6.0+V

เปลี่ยนเป็นภาษาไทย

Change to English
 แสดงรายละเอียดบรรณานุกรม
  กลับหน้าหลัก

Brief Record : Get Marc (ISO 2709) : E-mail record : QR code < ปิดหน้าต่าง
LEADER : 00000nam 2200000uu 4500
001    13399111057
003     ULIB
008    110615s||||||||th 000 0 tha d
020    9744894431
020    9789744894434
050  4 BF441^bก768ก 2549
100 0  เกรียงศักดิ์ เจริญวงศ์ศักดิ์
245 10 การคิดเชิงประยุกต์ =^bApplicative thinking /^cเกรียงศักด์ เจริญวงศ์ศักดิ์
246 31 Applicative thinking
250    พิมพ์ครั้งที่ 4
260    กรุงเทพฯ :^bซัคเซส มีเดีย,^c2549
300    xvi, 145 หน้า :^bภาพประกอบ ;^c23 ซม.
440  0 หนังสือชุด "ผู้ชนะ 10 คิด"
650  7 ความคิด
650  7 ความคิดและการคิด
945    ^p150^l0^i021517
945    ^p150^l0^i021516
995    ทศพร
999 ^a ใช้งานได้ทุกระบบ
รายการนี้ยังไม่มีแท็ก
คุณยังไม่ได้ล็อกอิน คุณสามารถมีกิจกรรมร่วมกับเว็บไซต์ได้ แต่ต้องล็อกอินก่อน ::
  ล็อกอิน

รายการสื่อสารสนเทศ

ลำดับที่ ประเภท เลขเรียก/บาร์โค้ด สถานที่ สถานะ
- ไม่พบข้อมูล -

รายการใกล้เคียง
    ผู้แต่ง [เกรียงศักดิ์ เจริญวงศ์ศักดิ์]

    หัวเรื่อง [ความคิด]
    หัวเรื่อง [ความคิดและการคิด]

BibComment


ยังไม่เคยถูกคอมเมนท์

คอมเมนท์ทรัพยากรรายการนี้
  คอมเมนท์: การคิดเชิงประยุกต..


 Copyright 2026. Bcnsprnw @Library